[Event "ch-FRA Top 16 GpB"]
[Site "Cannes FRA"]
[Date "2005.04.03"]
[Round "7"]
[White "Gurevich,M"]
[Black "Milov,V"]
[Result "1/2-1/2"]
[WhiteElo "2634"]
[BlackElo "2668"]
[EventDate "2005.03.31"]

1. d4 Nf6 2. c4 e6 3. Nf3 d5 4. Nc3 Bb4 5. Bg5 Nbd7 6. cxd5 exd5 7. e3 c5
8. Bd3 c4 9. Bf5 Bxc3+ 10. bxc3 Qa5 11. O-O Qxc3 12. Rc1 Qa3 13. e4 Nxe4
14. Bxe4 dxe4 15. Nd2 Nb6 16. Nxe4 Nd5 17. Rxc4 O-O 18. Rc5 Be6 19. Qd2 f6
20. Bh4 Rfd8 21. Bg3 b6 22. Rc6 Bd7 23. Rcc1 Bf5 24. Rfe1 Rd7 25. f3 Rad8
26. Bf2 Re7 27. Nc3 Rxe1+ 28. Bxe1 Be6 29. Nxd5 Bxd5 30. Rc3 Qxa2 31. Qxa2
Bxa2 32. Ra3 Bc4 33. Rxa7 Rxd4 34. Rb7 b5 35. Bb4 Rd1+ 36. Kf2 Rb1 37. Rb8+
Kf7 38. Rb7+ Ke6 39. Bf8 Rb2+ 40. Kg1 g6 41. Rxh7 b4 42. Rb7 b3 43. Bg7
Rb1+ 1/2-1/2

[Event "ch-FRA Top 16 GpB"]
[Site "Cannes FRA"]
[Date "2005.04.03"]
[Round "7"]
[White "Beikert,G"]
[Black "Guidarelli,L"]
[Result "0-1"]
[WhiteElo "2430"]
[BlackElo "2438"]
[EventDate "2005.03.31"]

1. e4 d6 2. d4 Nf6 3. Bd3 e5 4. c3 Nc6 5. Nf3 g6 6. Bg5 Bg7 7. Nbd2 O-O 8.
O-O h6 9. Bh4 Qe8 10. Re1 Nh5 11. dxe5 dxe5 12. b4 Nf4 13. Bf1 Nd8 14. Bg3
Nde6 15. Nc4 f6 16. Nfd2 Bd7 17. a4 Rd8 18. Qc2 Nh5 19. Ne3 Nxg3 20. hxg3
c6 21. Nf3 Kh7 22. Nh4 Qe7 23. Rad1 Bc8 24. Rxd8 Rxd8 25. Be2 Ng5 26. Bd3
Nf7 27. f4 exf4 28. gxf4 Qd6 29. Bc4 Qxf4 30. Bxf7 Qxh4 31. Rf1 Rf8 32. Bc4
Re8 33. Bd3 f5 34. exf5 Rxe3 35. f6 Bxf6 36. Bxg6+ Kg7 37. Bh7 Qg5 38. a5
Rxc3 0-1

[Event "ch-FRA Top 16 GpB"]
[Site "Cannes FRA"]
[Date "2005.04.03"]
[Round "7"]
[White "Romero Holmes,A"]
[Black "Rausis,I"]
[Result "1/2-1/2"]
[WhiteElo "2515"]
[BlackElo "2500"]
[EventDate "2005.03.31"]

1. e4 e5 2. Nf3 Nc6 3. Bb5 a6 4. Bxc6 dxc6 5. O-O f6 6. d4 Bg4 7. dxe5 Qxd1
8. Rxd1 fxe5 9. Nbd2 O-O-O 10. Re1 Bd6 11. h3 Bh5 12. g4 Bf7 13. Nf1 Rf8
14. Kg2 Be6 15. Ng3 g6 16. Bd2 h5 17. Ng5 Bd7 18. gxh5 gxh5 19. h4 Ne7 20.
Rh1 c5 21. f3 b5 22. Ne2 Nc6 23. c3 Nd8 24. Rag1 c4 25. Be3 Nb7 26. Rd1 Nd8
1/2-1/2

[Event "ch-FRA Top 16 GpB"]
[Site "Cannes FRA"]
[Date "2005.04.03"]
[Round "7"]
[White "Vallin,G"]
[Black "Hinks Edwards,T"]
[Result "1/2-1/2"]
[WhiteElo "2420"]
[BlackElo "2383"]
[EventDate "2005.03.31"]

1. d4 Nf6 2. Nf3 e6 3. e3 c5 4. Bd3 b6 5. c4 Bb7 6. Nc3 cxd4 7. exd4 Bb4 8.
O-O O-O 9. Bd2 Bxc3 10. Bxc3 d5 11. b3 Ne4 12. Bb2 Nd7 13. Rc1 Rc8 14. Qe2
Re8 15. Ba3 Ng5 16. Ne5 Nxe5 17. dxe5 dxc4 18. Bxc4 Ne4 19. Qe3 Qd2 20.
Qxd2 Nxd2 21. Bb5 Nxf1 22. Bxe8 Rxe8 1/2-1/2

[Event "ch-FRA Top 16 GpB"]
[Site "Cannes FRA"]
[Date "2005.04.03"]
[Round "7"]
[White "Meynard,T"]
[Black "Eliet,N"]
[Result "0-1"]
[WhiteElo "2242"]
[BlackElo "2430"]
[EventDate "2005.03.31"]

1. d4 Nf6 2. c4 e6 3. Nc3 Bb4 4. e3 b6 5. Nge2 Ba6 6. a3 Be7 7. Ng3 d5 8.
e4 dxe4 9. Ngxe4 Nxe4 10. Nxe4 Bb7 11. f3 O-O 12. Be3 Bxe4 13. fxe4 Bg5 14.
Qd2 Bxe3 15. Qxe3 Nc6 16. Rd1 e5 17. d5 Nd4 18. Bd3 a5 19. O-O Qe7 20. Rd2
a4 21. Rdf2 f6 22. g4 Rf7 23. h4 Nb3 24. Be2 Raf8 25. Bd1 Nc5 26. Bc2 Rb8
27. Qc3 Qd7 28. Qg3 Rbf8 29. g5 fxg5 30. Qxg5 Rxf2 31. Rxf2 Rxf2 32. Kxf2
Qd6 33. Ke3 h6 34. Qf5 g6 35. Qc8+ Kg7 36. h5 gxh5 37. Bd1 Qe7 38. Qf5 h4
39. Bg4 Qg5+ 40. Ke2 Qxf5 41. exf5 Kf6 42. Kd2 Kg5 43. Bh3 Ne4+ 44. Ke3 Nd6
45. Kd3 Kf6 46. Kc3 Nxf5 47. b3 axb3 48. Kxb3 Nd6 49. a4 Nb7 50. Bc8 Nc5+
51. Kb4 e4 0-1

[Event "ch-FRA Top 16 GpB"]
[Site "Cannes FRA"]
[Date "2005.04.03"]
[Round "7"]
[White "Payen,A"]
[Black "Guadalpi,D"]
[Result "1-0"]
[WhiteElo "2384"]
[BlackElo "2324"]
[EventDate "2005.03.31"]

1. d4 Nf6 2. c4 e6 3. g3 d5 4. Nf3 dxc4 5. Bg2 a6 6. Ne5 c5 7. Be3 Nd5 8.
dxc5 Qa5+ 9. Qd2 Qxd2+ 10. Bxd2 Bxc5 11. Nxc4 Nc6 12. Nc3 O-O 13. Na4 Bd4
14. Bxd5 exd5 15. Ncb6 Rb8 16. Bf4 Be5 17. Bxe5 Nxe5 18. Nxd5 Rd8 19. Nac3
b5 20. O-O-O Be6 21. h3 Kf8 22. Nc7 Rxd1+ 23. Rxd1 Bxh3 24. Nxa6 Rb6 25.
Nb4 Be6 26. Rd8+ Ke7 27. Rg8 Rd6 28. Rxg7 1-0

[Event "ch-FRA Top 16 GpB"]
[Site "Cannes FRA"]
[Date "2005.04.03"]
[Round "7"]
[White "Boudre,JP"]
[Black "Midoux,S"]
[Result "1/2-1/2"]
[WhiteElo "2339"]
[BlackElo "2310"]
[EventDate "2005.03.31"]

1. e4 c5 2. Nf3 Nc6 3. Bb5 g6 4. O-O Bg7 5. c3 Nf6 6. Qa4 Qb6 7. Na3 O-O 8.
d3 d6 9. Nc4 Qc7 10. Bxc6 bxc6 11. h3 Nd7 12. Re1 Rb8 13. d4 cxd4 14. Nxd4
c5 15. Nc2 Nb6 16. Nxb6 axb6 17. Ne3 b5 18. Qd1 Qb7 19. a4 bxa4 20. Rxa4
Bd7 21. Ra3 Bc6 22. f3 f5 23. exf5 gxf5 24. Qd3 Qd7 25. Nd5 e5 26. c4 Rbe8
27. Ra6 e4 28. fxe4 fxe4 29. Qg3 Kh8 30. Bd2 Rg8 31. Bc3 Re6 32. Bxg7+ Rxg7
33. Qc3 h6 34. Rf1 Bxd5 35. cxd5 Reg6 36. Rf2 Rg3 37. Qc4 Qe7 38. Re2 Qe5
39. Ra3 Rxa3 40. bxa3 Qa1+ 41. Kh2 Qe5+ 42. Kg1 e3 43. Qd3 Re7 44. Qg6 Qf4
45. g3 Qe5 46. Qxh6+ Kg8 47. Kh2 c4 48. a4 c3 49. a5 Qe4 50. Qg5+ Kf7 51.
Qh5+ Kg7 52. Qg5+ Kf7 53. Qh5+ Kg7 54. Qg5+ Kf7 1/2-1/2

[Event "ch-FRA Top 16 GpB"]
[Site "Cannes FRA"]
[Date "2005.04.03"]
[Round "7"]
[White "Gervais,C"]
[Black "Guadalpi,C"]
[Result "1-0"]
[WhiteElo "2121"]
[BlackElo "1882"]
[EventDate "2005.03.31"]

1. d4 e6 2. c4 d5 3. Nc3 Be7 4. Nf3 Nf6 5. cxd5 exd5 6. Bg5 Nbd7 7. e3 c6
8. Qc2 O-O 9. Bd3 Re8 10. O-O Nf8 11. Bxf6 Bxf6 12. b4 a6 13. a4 Bg4 14.
Nd2 Qd6 15. Rfb1 Bd8 16. Ne2 Bc7 17. Nf1 h5 18. b5 axb5 19. axb5 Nd7 20. h3
Bxe2 21. Bxe2 Nf6 22. Rxa8 Rxa8 23. bxc6 bxc6 24. Rc1 Rd8 25. Qxc6 Bb8 26.
Qxd6 Bxd6 27. Rc6 Kf8 28. g3 Ke7 29. Nd2 Rb8 30. Rc2 g6 31. Ra2 Rb7 32. Bd3
Rc7 33. Kg2 Rc3 34. Bb1 Rc7 35. Kf3 Rb7 36. Bc2 Rc7 37. Bb3 Rb7 38. Bc2 Rc7
39. Ke2 Bb4 40. f3 Bd6 41. Kf2 Bb4 42. Nb3 Bd6 43. Nc1 Rb7 44. Ne2 Rc7 45.
Bb1 Rb7 46. Bd3 Rb3 47. Bc2 Rb8 48. Ra7+ Kf8 49. Ra2 Rc8 50. Rb2 Ba3 51.
Ra2 Be7 52. g4 hxg4 53. hxg4 g5 54. Ng3 Bd8 55. Nf5 Nd7 56. Bb3 Nb6 57. Ra5
Nc4 58. Rxd5 Na5 59. Ba4 1-0

[Event "ch-FRA Top 16 GpB"]
[Site "Cannes FRA"]
[Date "2005.04.03"]
[Round "7"]
[White "Wirig,A"]
[Black "Huebner,R"]
[Result "0-1"]
[WhiteElo "2396"]
[BlackElo "2624"]
[EventDate "2005.03.31"]

1. Nf3 d5 2. c4 c6 3. e3 Nf6 4. Nc3 e6 5. d4 Nbd7 6. Bd3 dxc4 7. Bxc4 b5 8.
Bd3 Bb7 9. O-O a6 10. e4 c5 11. d5 Qc7 12. dxe6 fxe6 13. Bc2 c4 14. Nd4 Nc5
15. Be3 e5 16. Nf3 Be7 17. Ng5 O-O 18. Bxc5 Bxc5 19. Ne6 Qb6 20. Nxf8 Rxf8
21. Qe2 Qe6 22. Rae1 Bd4 23. Bb1 Bc6 24. a3 Bd7 25. h3 g6 26. Qd2 Bc6 27.
Ne2 Bc5 28. Ng3 Nd7 29. Kh2 Qf6 30. Re3 Bxe3 31. Qxe3 Qd6 32. Ne2 Nc5 33.
Bc2 Ne6 34. Qb6 Nd4 35. Bd1 Rb8 36. Qa5 Bxe4 37. Ng3 Bb7 38. Qe1 e4 39. Kg1
Re8 40. Qe3 Qe5 41. Re1 Nf5 42. Nxf5 gxf5 43. Bh5 f4 44. Qb6 Qxh5 45. Qxb7
Qg6 46. Qd5+ Kg7 47. Qd7+ Qf7 48. Qd4+ Qf6 49. Qd7+ Re7 50. Qg4+ Kh6 51.
Rd1 Rg7 0-1

[Event "ch-FRA Top 16 GpB"]
[Site "Cannes FRA"]
[Date "2005.04.03"]
[Round "7"]
[White "Kogan,Ar"]
[Black "Becker,Marc1"]
[Result "1-0"]
[WhiteElo "2592"]
[BlackElo "2384"]
[EventDate "2005.03.31"]

1. d4 Nf6 2. Nf3 e6 3. c4 Bb4+ 4. Nc3 c5 5. e3 O-O 6. Bd3 d5 7. O-O cxd4 8.
exd4 dxc4 9. Bxc4 Nbd7 10. Re1 Qc7 11. Qb3 Nb6 12. Bd3 Nbd5 13. Bd2 Qb6 14.
Ne5 Be7 15. Nxd5 Nxd5 16. Qc2 f5 17. Bc4 Rd8 18. Rad1 Bf6 19. Qa4 Qd6 20.
Qb3 b6 21. Re2 Bb7 22. Rde1 Re8 23. Bb5 Re7 24. Nc4 Qc7 25. Rxe6 Rxe6 26.
Rxe6 Rd8 27. Ne5 Qc8 28. Rc6 Bxc6 29. Nxc6 Rd6 30. Bf4 Re6 31. Qxd5 Kh8 32.
Ne5 1-0

[Event "ch-FRA Top 16 GpB"]
[Site "Cannes FRA"]
[Date "2005.04.03"]
[Round "7"]
[White "Relange,E"]
[Black "Bijaoui,M"]
[Result "1/2-1/2"]
[WhiteElo "2500"]
[BlackElo "2345"]
[EventDate "2005.03.31"]

1. d4 Nf6 2. Nf3 g6 3. c4 Bg7 4. Nc3 d6 5. e4 O-O 6. Be2 e5 7. d5 Nbd7 8.
Bg5 h6 9. Bh4 g5 10. Bg3 Nh5 11. h4 g4 12. Nh2 Nxg3 13. fxg3 h5 14. O-O f5
15. exf5 Nc5 16. Qc2 e4 17. f6 Bxf6 18. Nxe4 Nxe4 19. Qxe4 Qe8 20. Qc2 Qe3+
21. Kh1 Kg7 22. Bd3 Bd7 23. Bh7 Kh8 24. Qg6 Be8 25. Qd3 Qh6 26. Be4 Bd7 27.
Bf5 Bxf5 28. Rxf5 Bxb2 29. Raf1 Rxf5 30. Rxf5 Bg7 31. Nf1 Rf8 32. Ne3 Rxf5
33. Nxf5 Qf6 34. Kh2 Qe5 35. Qc2 Kg8 36. Qd3 Kh8 37. Qc2 Kg8 38. Qd3 Kh8
1/2-1/2

[Event "ch-FRA Top 16 GpB"]
[Site "Cannes FRA"]
[Date "2005.04.03"]
[Round "7"]
[White "Feller,S"]
[Black "Hernandez,Gi"]
[Result "0-1"]
[WhiteElo "2191"]
[BlackElo "2512"]
[EventDate "2005.03.31"]

1. d4 d6 2. c4 e5 3. Nf3 e4 4. Ng5 f5 5. g3 Be7 6. Nh3 c6 7. Nc3 Nf6 8. Bg2
Nbd7 9. O-O Nb6 10. b3 d5 11. cxd5 Nbxd5 12. Nxd5 Nxd5 13. Nf4 O-O 14. Qc2
Nxf4 15. gxf4 Qxd4 16. Bb2 Qc5 17. Qxc5 Bxc5 18. Rfd1 Be6 19. Rac1 Be7 20.
Be5 Rfd8 21. e3 Kf7 22. f3 exf3 23. Bxf3 Bf6 24. Bxf6 Kxf6 25. Kf2 a5 26.
Ke1 Rxd1+ 27. Bxd1 Bd5 28. Kd2 Rd8 29. Kc3 Re8 30. Kd2 g5 31. fxg5+ Kxg5
32. Bc2 Kf6 33. Rf1 Be4 34. Bxe4 Rxe4 35. Rg1 Rg4 0-1

[Event "ch-FRA Top 16 GpB"]
[Site "Cannes FRA"]
[Date "2005.04.03"]
[Round "7"]
[White "Abergel,T"]
[Black "Cappon,J"]
[Result "1/2-1/2"]
[WhiteElo "2443"]
[BlackElo "2186"]
[EventDate "2005.03.31"]

1. e4 c5 2. Nf3 e6 3. d4 cxd4 4. Nxd4 a6 5. Bd3 Qc7 6. c4 Nc6 7. Nxc6 dxc6
8. O-O e5 9. Nc3 Nf6 10. Qe1 Be6 11. Be3 Ng4 12. Na4 Nxe3 13. Qxe3 Be7 14.
c5 O-O 15. Rfd1 Rad8 16. Bc2 Rxd1+ 17. Rxd1 Rd8 18. Rxd8+ Qxd8 19. b3 Qa5
20. a3 Bg5 21. Qc3 Qxc3 22. Nxc3 Bc1 23. Nb1 a5 24. Kf1 a4 25. bxa4 Ba2 26.
Ke2 Bxb1 27. Bxb1 Bxa3 28. Kd3 Bxc5 29. f3 Kf8 30. Kc4 Bg1 31. h3 Ke7 32.
Kb4 h5 33. Ba2 h4 34. Bb3 Bf2 35. Ba2 Kf6 36. Bb3 Kg6 37. Kc3 f6 38. Be6
Kg5 39. Kd3 Kf4 40. Ke2 Bd4 41. Bd7 Bc3 42. Be8 Bb4 43. Bd7 Ba5 44. Be8 c5
45. Bb5 Bc3 46. Bc4 b6 47. Be6 Bd4 48. Bd5 1/2-1/2

[Event "ch-FRA Top 16 GpB"]
[Site "Cannes FRA"]
[Date "2005.04.03"]
[Round "7"]
[White "Brunner,N"]
[Black "Bergez,L"]
[Result "0-1"]
[WhiteElo "2288"]
[BlackElo "2371"]
[EventDate "2005.03.31"]

1. d4 d5 2. c4 e5 3. dxe5 d4 4. a3 Nc6 5. Nf3 Bg4 6. Nbd2 Qe7 7. h3 Bh5 8.
Qa4 O-O-O 9. g4 Bg6 10. b4 Kb8 11. Bb2 Nxe5 12. Nxe5 Qxe5 13. Nf3 Qe4 14.
Bxd4 Rxd4 15. Nxd4 Nf6 16. Rd1 Qxh1 17. Nb5 Bc5 18. bxc5 a6 19. Nd4 Ne4 20.
Qb3 Nxc5 21. Qe3 h5 22. Nf3 hxg4 23. hxg4 b6 24. Qe7 Nd3+ 25. exd3 Qxf3 26.
Qe2 Qc6 27. Qb2 Re8+ 28. Kd2 Qf3 29. Qd4 Kc8 30. Re1 Rd8 31. Qe3 Qc6 32.
Kc3 Qd6 33. Ra1 Bxd3 34. Kb2 Qf6+ 35. Ka2 Qc3 36. Bxd3 Rxd3 0-1

[Event "ch-FRA Top 16 GpB"]
[Site "Cannes FRA"]
[Date "2005.04.03"]
[Round "7"]
[White "Sebag,M"]
[Black "Jeitz,C"]
[Result "1-0"]
[WhiteElo "2421"]
[BlackElo "2119"]
[EventDate "2005.03.31"]

1. e4 c5 2. Nf3 Nc6 3. Bb5 g6 4. c3 Nf6 5. e5 Nd5 6. O-O Bg7 7. d4 cxd4 8.
cxd4 O-O 9. Nc3 Nc7 10. Bc4 d6 11. exd6 Qxd6 12. d5 Na5 13. Be2 Bxc3 14.
bxc3 Nxd5 15. Qd4 Nc6 16. Qh4 Nf6 17. Bh6 Re8 18. Ng5 Be6 19. Rfd1 Qe5 20.
Re1 Qxc3 21. Nxe6 fxe6 22. Bc4 Nd5 23. Qg4 Kh8 24. Rac1 Qd4 25. Qxe6 Nf6
26. Rcd1 Qh4 27. Bc1 Qg4 28. Qxg4 Nxg4 29. Bb2+ e5 30. h3 Nf6 31. f4 Na5
32. Bb5 Red8 33. fxe5 Ne8 34. e6+ Kg8 35. e7 Rdc8 36. Bd7 Rc6 37. Be6+ Rxe6
38. Rxe6 Nc6 39. Rxc6 1-0

[Event "ch-FRA Top 16 GpB"]
[Site "Cannes FRA"]
[Date "2005.04.03"]
[Round "7"]
[White "Marchadour,C"]
[Black "Brochet,P"]
[Result "0-1"]
[WhiteElo "2085"]
[BlackElo "2388"]
[EventDate "2005.03.31"]

1. e4 Nf6 2. e5 Nd5 3. d4 d6 4. exd6 cxd6 5. c4 Nc7 6. d5 e5 7. dxe6 Bxe6
8. Nc3 d5 9. cxd5 Nxd5 10. Bb5+ Nc6 11. Qa4 Ndb4 12. Be3 a6 13. Bxc6+ Nxc6
14. Rd1 Qa5 15. Qxa5 Nxa5 16. b3 Bb4 17. Nge2 Rc8 18. Rc1 O-O 19. O-O Rfd8
20. Ne4 Rxc1 21. Rxc1 Ba3 22. Re1 Nc6 23. f3 Nb4 24. Nd4 Bc8 25. Bf2 Nd3
26. Rd1 Nxf2 27. Kxf2 f5 28. Ng3 g6 29. Nge2 Be6 30. Rd3 Bf7 31. Ke1 Be8
32. Kd2 Bb4+ 33. Kc2 Be7 34. f4 Bf6 35. g3 Bf7 36. Nf3 Bd5 37. Ned4 Be4 0-1